000 00566nam a22001937a 4500
999 _c172752
_d172752
005 20200212130407.0
010 _aENG-127709
020 _c350.00
035 _aEN-111241
037 _bDBAD/PUB
082 _a372.21
100 _aShehla,Farzana
245 _aChildren at Early Childhood/
_cby Farzana Shehla ; edited by T.Mrunalini
260 _aNew Delhi
_c2018
_bNeelkamal
270 _a4764/1,23, Ansari Road,Daryaganj
_e110002
_bNew Delhi
300 _axix; 257p.
_b24cm(pbk)
700 _aT.Mrunalini
942 _2ddc
_cEN
_h372.21
_mFAR